Fault Diagnosis in Mechanical Assemlies Trough Vibration Analysis using Time-Frequency Techniques, Principal Component Analysis and Neural Networks / (Record no. 536430)

000 -LEADER
fixed length control field 00592nam a22001457a 4500
082 ## - DEWEY DECIMAL CLASSIFICATION NUMBER
Classification number 620.1
100 ## - MAIN ENTRY--PERSONAL NAME
Personal name Zaidi, Syed Muhammad Aesar Aziz
245 ## - TITLE STATEMENT
Title Fault Diagnosis in Mechanical Assemlies Trough Vibration Analysis using Time-Frequency Techniques, Principal Component Analysis and Neural Networks /
Statement of responsibility, etc. Syed Muhammad Aesar Aziz Zaidi
260 ## - PUBLICATION, DISTRIBUTION, ETC.
Place of publication, distribution, etc. Islamabad :
Name of publisher, distributor, etc. CEME - NUST,
Date of publication, distribution, etc. 2015.
300 ## - PHYSICAL DESCRIPTION
Extent 98 p. ;
Dimensions 30cm.
650 ## - SUBJECT ADDED ENTRY--TOPICAL TERM
Topical term or geographic name entry element Mechanical Engineering-MS-Thesis
700 ## - ADDED ENTRY--PERSONAL NAME
Personal name Dr. Hasan Aftad Saeed
942 ## - ADDED ENTRY ELEMENTS (KOHA)
Source of classification or shelving scheme
Koha item type Thesis
650 ## - SUBJECT ADDED ENTRY--TOPICAL TERM
-- 16090
700 ## - ADDED ENTRY--PERSONAL NAME
-- 31590
Holdings
Withdrawn status Lost status Source of classification or shelving scheme Damaged status Not for loan Permanent Location Current Location Shelving location Date acquired Total Checkouts Full call number Barcode Date last seen Price effective from Koha item type
          Central Library (CL) Central Library (CL) Thesis 10/15/2020   620.1 CL-T-370 10/15/2020 10/15/2020 Thesis
© 2023 Central Library, National University of Sciences and Technology. All Rights Reserved.